| 000 | 00888nam a22002777a 4500 | ||
|---|---|---|---|
| 003 | CHAP | ||
| 005 | 20220817042139.0 | ||
| 008 | 971013s1069 r 00010 d | ||
| 010 | _a36042 | ||
| 011 | _a37014 | ||
| 035 | _a41133 | ||
| 040 | _cCHAP | ||
| 090 | _aFolleto 4427 | ||
| 110 | _aOrganización Internacional del Café | ||
| 245 | _aProyecto de normas para la preparación, presentación, evaluación y aprobación de los planes nacionales de política cafetera | ||
| 260 |
_aLondres : _bOIC, _c1069 |
||
| 300 | _a8 h. | ||
| 590 |
_aBATCH-UPD _b10 _c20130110 _lUCH01 _h1247 |
||
| 590 |
_aBATCH-UPD _b10 _c20130410 _lUCH01 _h0811 |
||
| 590 |
_aBATCH-UPD _b10 _c20130914 _lUCH01 _h1931 |
||
| 590 |
_aCONVERSION _b10 _c20130109 _lUCH01 _h1320 |
||
| 650 | 1 | 4 |
_aPolítica cafetalera. _990449 |
| 901 | _aBK | ||
| 942 | _cFOLL | ||
| 949 |
_aFolleto 4427 _bBC _cFOLL _d-94223 _eTS1 _i41133 _si |
||
| 999 |
_c36042 _d36042 |
||